MARC details
| 000 -CABECERA |
| campo de control de longitud fija |
03183cam a2200349 a 4500 |
| 001 - NÚMERO DE CONTROL |
| campo de control |
2438390 |
| 003 - IDENTIFICADOR DEL NÚMERO DE CONTROL |
| campo de control |
CaAEU |
| 005 - FECHA Y HORA DE LA ÚLTIMA TRANSACCIÓN |
| campo de control |
20251013115112.0 |
| 008 - DATOS DE LONGITUD FIJA--INFORMACIÓN GENERAL |
| campo de control de longitud fija |
951215s1996 enk b 000 0 eng |
| 010 ## - NÚMERO DE CONTROL DE LA BIBLIOTECA DEL CONGRESO |
| Número de control de LC |
95051442 //r972 |
| 020 ## - NÚMERO INTERNACIONAL ESTÁNDAR DEL LIBRO |
| Número Internacional Estándar del Libro |
9781859840870 |
| 035 ## - NÚMERO DE CONTROL DEL SISTEMA |
| Número de control de sistema |
ocm33972162 |
| 040 ## - FUENTE DE LA CATALOGACIÓN |
| Centro catalogador/agencia de origen |
DLC |
| Lengua de catalogación |
eng |
| Centro/agencia transcriptor |
DLC |
| Centro/agencia modificador |
DLC |
| -- |
AEU |
| 041 1# - CÓDIGO DE LENGUA |
| Código de lengua del texto/banda sonora o título independiente |
eng |
| 041 1# - CÓDIGO DE LENGUA |
| Código de lengua original |
fre |
| 043 ## - CÓDIGO DE ÁREA GEOGRÁFICA |
| Código de área geográfica |
e-fr--- |
| 050 00 - SIGNATURA TOPOGRÁFICA DE LA BIBLIOTECA DEL CONGRESO |
| Número de clasificación |
P90 |
| Número de documento/Ítem |
.D4313 1996 |
| 100 ## - ENTRADA PRINCIPAL--NOMBRE DE PERSONA |
| Nombre de persona |
Debray, Régis |
| 9 (RLIN) |
26097 |
| Término indicativo de función/relación |
author |
| 240 10 - TÍTULO UNIFORME |
| Título uniforme |
Manifestes médiologiques. |
| Lenguaje de la obra |
English |
| 245 10 - MENCIÓN DE TÍTULO |
| Título |
Media manifestos |
| Resto del título |
: on the technological transmission of cultural forms |
| Mención de responsabilidad, etc. |
/ Régis Debray ; translated by Eric Rauth. |
| 260 ## - PUBLICACIÓN, DISTRIBUCIÓN, ETC. |
| Lugar de publicación, distribución, etc. |
London ; |
| -- |
New York, NY : |
| Nombre del editor, distribuidor, etc. |
Verso, |
| Fecha de publicación, distribución, etc. |
1996. |
| 300 ## - DESCRIPCIÓN FÍSICA |
| Extensión |
viii, 179 pages ; |
| Dimensiones |
22 cm. |
| 500 ## - NOTA GENERAL |
| Nota general |
Text submitted as part of the viva, or dissertation defense, confirming the candidate's authority to direct research. Presented at the Sorbonne (Paris I) on Jan. 8, 1994. |
| 504 ## - NOTA DE BIBLIOGRAFÍA, ETC. |
| Nota de bibliografía, etc. |
Includes bibliographical references (p. 178-179). |
| 520 ## - SUMARIO, ETC. |
| Sumario, etc. |
In this volume Régis Debray sums up over a decade of his research and writing on the evolution of subjects of communication and the technologically transmitted interventions of the modern intelligentsia in France. Media Manifestos announces the battle-readiness of a new sub-discipline of the sciences humaines: “medialogy.” Scion of that semiology of the sixties linked with the names of Roland Barthes and Umberto Eco—and affiliated trans-Atlantically to the semiotics of C.S. Pierce and media analyses of Marshall McLuhan (“media is message”)—“mediology” is in dialectical revolt against its parent thought-system. Determined not to lapse back into the uncritical empiricism and psychologism with which semiology broke, mediology is just as resolved to dispel the cult or illusion of the signifier as the be-all-and-end-all, slough off the scholasticism of the code, and recover the world—in all its mediatized materiality. In this enterprise its ally is the work of French historians of mentalités, of the hard and evolutionary sciences, and of the technologies of transmission (from stylus and clay to quill and parchment to press and paper to mouse and screen).<br/><br/>Written with Debray’s customary brio, Media Manifestos is no mere contribution to the vogue of “media studies.” It remains steeped in the intellectual culture of Louis Althusser and Michel Foucault, indebted to the neolithic anthropology of Leroi-Gourhan and the study of science and technology of Serres and Latour, informed by the material histories of the Annales school, yet plugged into the audiovisual culture of today’s “videosphere” (as against the printerly “graphosphere” of yesterday, and the scriptorly “logosphere” of the day before that). Debray’s work turns a neologism (“mediology”) into a tool-kit with which to rethink the whole business of mediation from the city-state to the internet. |
| 650 #0 - PUNTO DE ACCESO ADICIONAL DE MATERIA--TÉRMINO DE MATERIA |
| Término de materia o nombre geográfico como elemento de entrada |
Mass media |
| Subdivisión general |
Philosophy |
| 9 (RLIN) |
26098 |
| 650 #0 - PUNTO DE ACCESO ADICIONAL DE MATERIA--TÉRMINO DE MATERIA |
| Término de materia o nombre geográfico como elemento de entrada |
Mass media |
| Subdivisión general |
Semiotics |
| 9 (RLIN) |
26099 |
| 650 #0 - PUNTO DE ACCESO ADICIONAL DE MATERIA--TÉRMINO DE MATERIA |
| Término de materia o nombre geográfico como elemento de entrada |
Philosophy, French |
| Subdivisión cronológica |
20th century |
| 9 (RLIN) |
26100 |
| 650 #0 - PUNTO DE ACCESO ADICIONAL DE MATERIA--TÉRMINO DE MATERIA |
| Término de materia o nombre geográfico como elemento de entrada |
Mass media and technology |
| 9 (RLIN) |
26101 |
| 700 ## - ENTRADA AGREGADA--NOMBRE PERSONAL |
| Nombre de persona |
Rauth, Eric |
| 9 (RLIN) |
26102 |
| Término indicativo de función/relación |
author |
| 942 ## - ELEMENTOS DE ENTRADA AGREGADA (KOHA) |
| Fuente del sistema de clasificación o colocación |
Clasificación de Library of Congress |